000 00474nam a2200181 a 4500
020 _a0697051056 (case)
020 _a0697165388 (paper)
040 _cDLC
082 0 0 _a574 WCB 1993 AO31 Or.
100 1 _aVolpe, E. Peter
245 1 0 _aBiology and human concerns /
250 _a4th ed.
260 _aDubuque, Iowa :
_bW.C. Brown Publishers,
_cc1993.
300 _axxii, 611 p. :
_bill. (some col.) ;
_c29 cm.
650 0 _aBiology.
650 0 _aBiology
942 _cEK
999 _c11914
_d11914